| 000 | 00438nam a2200169 a 4500 | ||
|---|---|---|---|
| 005 | 20150421143844.0 | ||
| 008 | 960221s1955 dcuabcdjdbkoqu001 0deng d | ||
| 080 |
_aF _bLAD/T CL |
||
| 100 |
_aCollins, Joan _edap. by |
||
| 245 | _aTale of two cities | ||
| 260 |
_aLoughborough _bLadybird Books _c1981 |
||
| 300 | _a51p.: ill. | ||
| 500 | _a | ||
| 653 |
_aFiction _aEnglish _aEnglish Literature _aLiterature |
||
| 942 | _cCC | ||
| 003 | ViArRB | ||
| 999 |
_c19802 _d19801 |
||